Real Madrid - Tous les joueurs de 2000 à 2010 - Statistiques

Statistiques générales
  • Ce quiz a été pris 25 fois
  • Le résultat moyen est 30 sur 108
Statistiques - réponses
Saisons Nationalité Joueur Nombre
De Matchs
Poste % Correct
1999 - 2015 Espagne IkerCasillas 725 G
95%
2005 - 2021 Espagne SergioRamos 671 D
95%
2009 - 2018 Portugal CristianoRonaldo 438 A
90%
2007 - 2017 Portugal Pepe 334 D
90%
1994 - 2010 Espagne Raul 741 A
90%
2009 - 2023 France KarimBenzema 648 A
85%
2002 - 2007 Brésil Ronaldo 177 A
85%
2000 - 2005 Portugal LuisFigo 245 A
80%
2006 - 2022 Brésil Marcelo 546 D
80%
2007 - 2009 Pays - Bas ArjenRobben 65 A
75%
1996 - 2007 Brésil RobertoCarlos 527 D
75%
2009 - 2014 Espagne XabiAlonso 236 M
75%
2001 - 2006 France ZinédineZidane 227 M
75%
2000 - 2003 France ClaudeMakélélé 145 M
70%
2009 - 2013 Brésil Kaka 120 M
70%
2008 - 2012 France LassanaDiarra 116 M
70%
2003 - 2007 Angleterre DavidBeckham 159 M
65%
1989 - 2003 Espagne FernandoHierro 601 D
65%
2006 - 2013 Argentine GonzaloHiguain 264 A
65%
1995 - 2010 Espagne Guti 542 M
65%
2006 - 2011 Mali MahamadouDiarra 126 M
65%
2009 - 2010 Espagne MarcosAlonso 1 D
60%
2005 - 2008 Brésil Robinho 137 M/A
60%
2006 - 2010 Pays - Bas RuudVan Nistelrooy 96 A
60%
2004 - 20052009 - 2016 Espagne AlvaroArbeloa 238 D
55%
2005 - 20072012 - 2014 Espagne DiegoLopez 73 G
55%
2003 - 2005 Espagne JordiLopez 5 M
55%
2007 - 2009 Pays - Bas WesleySneijder 66 M
55%
1997 - 20032004 - 2005 Espagne FernandoMorientes 272 A
50%
2008 - 2010 Pays - Bas RafaelVan Der Vaart 73 M
45%
1999 - 2003 Angleterre SteveMcManaman 158 M
45%
2006 - 2009 Italie FabioCannavaro 118 D
40%
1999 - 2009 Espagne MichelSalgado 371 D
40%
2009 - 2013 Espagne RaulAlbiol 118 D
40%
2007 - 2010 Pays - Bas RoystonDrenthe 65 D/M
40%
1999 - 2007 Espagne IvanHelguera 346 D
35%
2007 - 2009 Argentine JavierSaviola 31 A
30%
1997 - 2002 Brésil Savio 160 A
30%
2004 - 2006 Danemark ThomasGravesen 49 M
30%
2005 - 2007 Italie AntonioCassano 29 A
25%
2006 - 2011 Argentine FernandoGago 121 M
25%
2007 - 2011 Pologne JerzyDudek 12 G
25%
2005 - 20062007 - 2008 Brésil JulioBaptista 78 M/A
25%
2004 - 2005 Angleterre MichaelOwen 45 A
25%
2004 - 20072008 - 2009 Espagne RubenDe La Red 27 M
25%
2001 - 2002 Espagne CarlosSanchez 2 G
20%
2000 - 2005 Espagne CésarSanchez 59 G
20%
2009 - 2012 Espagne EstebanGranero 96 M
20%
2009 - 2011 Argentine EzequielGaray 31 D
20%
2007 - 2009 Argentine GabrielHeinze 60 D
20%
2004 - 2006 Angleterre JonathanWoodgate 14 D
20%
2008 - 2009 France JulienFaubert 2 D
20%
2008 - 2009 Pays - Bas Klaas - JanHuntelaar 20 A
20%
2006 - 2009 Espagne MiguelTorres 70 D
20%
2005 - 2006 Espagne AdrianMartin 1 M
15%
2001 - 2005 Espgane BorjaFernandez 38 M
15%
2006 - 2007 Brésl Emerson 34 M
15%
1999 - 2002 Cameroun NjitapGeremi 76 M
15%
2004 - 20062007 - 2008 Espagne RobertoSoldado 27 A
15%
2000 - 2005 Argentine SantiagoSolari 208 M
15%
1997 - 2002 Espagne AitorKaranka 149 D
10%
2005 - 2007 Brésil Cicinho 32 D
10%
2002 - 2004 Argentine EstebanCambiasso 67 M
10%
2000 - 2003 Brésil FlavioConceiçao 74 M
10%
2000 - 2007 Espagne FranciscoPavon 167 D
10%
1998 - 2002 Espagne IvanCampo 95 M
10%
2004 - 20072008 - 2009 Espagne JaviGarcia 32 M
10%
2002 - 2003 Espagne LuisGarcia 1 M
10%
2005 - 2006 Uruguay PabloGarcia 26 M
10%
2001 - 2007 Espagne RaulBravo 132 D
10%
2004 - 2005 Argentine WalterSamuel 40 D
10%
2006 - 2007 Espagne BorjaValero 2 M
5%
2007 - 2010 Allemagne ChristophMetzelder 31 D
5%
2005 - 20062007 - 2008 GuinéeEquatoriale JavierBalboa 15 A
5%
2001 - 2005 Espagne JavierPortillo 59 A
5%
2006 - 2007 Espagne Jose AntonioReyes 38 A
5%
2003 - 2005 Espagne Juanfran 11 D
5%
1999 - 2001 Brésil JulioCesar 33 D
5%
1983 - 2001 Espagne ManoloSanchis 710 D
5%
2000 - 2002 Espagne PedroMunitis 81 A
5%
2000 - 2004 Espagne RubenGonzalez 16 D
5%
2000 - 20032004 - 2005 Espagne AlbertCelades 101 M
0%
2008 - 2009 Espagne AlbertoBueno 6 A
0%
1994 - 19952000 - 2002 Espagne AlbertoRivera 9 M
0%
2002 - 2005 Espagne AlexPérez 2 A
0%
2003 - 2007 Espagne AlvaroMejia 57 D
0%
2003 - 2004 Espagne AntonioNunez 14 A
0%
1999 - 20002001 - 2002 Espagne CarlosAranda 1 A
0%
2005 - 2006 Uruguay CarlosDiogo 19 D
0%
2008 - 2009 Espagne DaniParejo 5 M
0%
1999 - 20002001 - 2002 Bosnie ElbirBaljic 19 A
0%
2000 - 2001 Espagne EnriqueCorrales 1 D
0%
2008 - 2009 Uruguay GaryKagelmacher 1 D
0%
2003 - 2005 Espagne JavierParedes 2 D
0%
2007 - 2009 Espagne JordiCodina 1 G
0%
2004 - 2006 Espagne Jose ManuelJurado 6 M
0%
2004 - 2005 Espagne JothaPérez 1 M
0%
2009 - 2011 Espagne JuanfranMoreno 2 D
0%
2002 - 2004 Espagne JuanjoOlalla 2 D
0%
2008 - 2009 Espagne MarcosTebar 1 M
0%
2006 - 2007 Espagne Miguel AngelNieto 4 A
0%
2008 - 2009 Espagne MiguelPalanca 3 M
0%
2004 - 2005 Espagne MiguelPalencia 2 D
0%
2000 - 2004 Espagne OscarMinambres 37 D
0%
2009 - 2010 Espagne PedroMosquera 1 M
0%
2003 - 2004 Espagne Riki 1 A
0%
1998 - 19992000 - 2001 2002 - 2003 Espagne Tote 14 M
0%
2001 - 2003 Cap - Vert Valdo 4 A
0%
Aucun quiz correspondant
Distribution des résultats
% des personnes avec chaque résultat
Percentile par nombre de réponses
Votre historique - résultats
Vous n’avez pas pris ce quiz